000 00428nam a22001457a 4500
005 20260225155230.0
008 260225b |||||||| |||| 00| 0 eng d
020 _a978-1035907311
100 _aMAHFOUZ, NAQUIB
245 _aCHILDREN OF THE ALLEY
260 _aLONDON
_bCPI GROUP
_c1996
300 _aXIII, 553P.
650 _a1. ARABIC FICTION - TRANSLATED INTO ENGLISH 2. EGYPT - SOCIAL LIFE AND CUSTOMS
942 _2lcc
_cBK
999 _c216673
_d216673